000 02568nam a22004334i 4500
001 FLC17b0056
003 CoBoFLC
005 20180727215703.0
008 170719s2017 inua j 000 0 eng d
020 _a9781480842427 (hardcover)
020 _a1480842427 (hardcover)
040 _aCoBoFLC
_beng
_erda
_cCoBoFLC
041 _aspa
082 0 4 _a811/.6
_223
100 1 _aChavez, Jose,
_eauthor.
245 1 0 _aEstrellitas y nopales =
_bLittle stars and cactus : (A bilingual poetry book for children) /
_cJose Chavez ; illustrated by Aydee Lopez Martinez.
246 _aLittle stars and cactus
260 _aBloomington, Indiana :
_bArchway Publishing,
_cc2017.
264 1 _aBloomington, Indiana :
_bArchway Publishing,
_c[2017]
264 4 _cc2017.
300 _a29 pages :
_bcolor illustrations ;
_c29 cm.
500 _aPoems.
520 _aEn su primera recopilaci©đn de poes©Ưas biling©ơes para ni©łos, Jos©♭ Chavez comparte reflexiones l©Ưricas que iluminan a un joven M©♭xico-Americano que ve las estrellas bailar en el cielo nocturno, anhela navegar a M©♭xico, pinta la sonrisa de su madre, y le encanta el chile verde de su abuela. Con dos gatas y un cochinito amistoso, que lo acompa©łan, el ni©ło curioso emprende un viaje a trav©♭s de su imaginaci©đn mientras contempla lo que hacen las estrellas durante el d©Ưa, y piensa en preguntas para el planeta Saturno.
520 _aIn his first collection of bilingual poetry for children, JosE Chavez shares lyrical reflections that shine a light on a young Mexican-American boy who sees stars dance across the night sky, longs to sail to Mexico, paints his mother's smile, and loves his grandmother's green chile stew. With two cats and a friendly pig to keep him company, the curious boy embarks on a journey through his imagination as he contemplates what stars do in the daytime, and thinks of questions for the planet Saturn.
546 _aParallel text in Spanish and English.
650 0 _aMexican American boys
_vJuvenile poetry.
650 0 _aImagination
_vJuvenile poetry.
650 0 _aImagination in children
_vJuvenile poetry.
650 0 _aAmerican poetry
_xMexican American authors
_vJuvenile literature.
655 0 _aPoetry.
655 7 _aPoesia.
_2bidex.
655 0 _aSpanish language materials
_xBilingual.
655 0 _aBilingual books.
655 7 _aMateriales en espanol
_xBilingue.
_2local.
655 7 _aLibros bilingues.
_2local.
655 1 _aSpanish language materials.
655 7 _aMateriales en espanol.
_2local.
942 _cBK
999 _c21104
_d21104